[Event "9. Open Club Ajedrez Ciudad los Angeles"]
[Site "Madrid ESP"]
[Date "2015.04.12"]
[Round "2.10"]
[White "Yeves Miquel, Enrique"]
[Black "Garcia Chica, Eva Maria"]
[Result "1-0"]
[WhiteElo "1715"]
[BlackElo "1398"]
[PlyCount "111"]
[EventDate "2015.03.29"]
[EventType "swiss"]
[EventRounds "9"]
[EventCountry "ESP"]
[Source "lmi"]
[SourceDate "2015.03.29"]

1. d4 Nf6 2. c4 e5 3. dxe5 Ng4 4. Bf4 Nc6 5. Nf3 Bb4+ 6. Nbd2 Qe7 7. e3 Ngxe5
8. Nxe5 Nxe5 9. Be2 O-O 10. O-O a5 11. a3 Bc5 12. Qc2 Ng6 13. Bg3 Bxe3 14. fxe3
Qxe3+ 15. Rf2 Ra6 16. Qd3 Qc5 17. Nb3 Qb6 18. c5 Qa7 19. Bxc7 a4 20. Bb6 Qb8
21. Nd2 Nf4 22. Qf3 Nxe2+ 23. Rxe2 d6 24. Rae1 Be6 25. Ne4 Bd5 26. Nf6+ gxf6
27. Qxd5 dxc5 28. Bxc5 Rd8 29. Qxd8+ Qxd8 30. Re8+ Qxe8 31. Rxe8+ Kg7 32. Bf8+
Kg6 33. Bb4 Re6 34. Ra8 b5 35. Rb8 Re5 36. Bc3 Rd5 37. Rb6 Rf5 38. Rb8 Rg5 39.
h3 h5 40. Rg8+ Kh7 41. Rxg5 fxg5 42. g4 Kg6 43. Kg2 f5 44. gxf5+ Kxf5 45. Kf3
g4+ 46. hxg4+ hxg4+ 47. Kg3 Ke4 48. Kxg4 Kd3 49. Kf4 Kc4 50. Ke4 Kc5 51. Kd3
Kd5 52. Bb4 Kc6 53. Kd4 Kb6 54. Kd5 Kb7 55. Kc5 Ka6 56. Kc6 1-0

[Event "9. Open Club Ajedrez Ciudad los Angeles"]
[Site "Madrid ESP"]
[Date "2015.04.12"]
[Round "2.15"]
[White "Cuellar Gutierrez, Raul"]
[Black "Lopez Ziegler, Juan Jose"]
[Result "1-0"]
[WhiteElo "1781"]
[BlackElo "1573"]
[PlyCount "131"]
[EventDate "2015.03.29"]
[EventType "swiss"]
[EventRounds "9"]
[EventCountry "ESP"]
[Source "lmi"]
[SourceDate "2015.03.29"]

1. c4 e5 2. Nc3 Bb4 3. Qc2 Nf6 4. e3 O-O 5. Be2 Nc6 6. Nf3 d6 7. O-O Bxc3 8.
Qxc3 e4 9. Ne1 Re8 10. d3 b6 11. b3 Bb7 12. Bb2 exd3 13. Bf3 Rb8 14. Nxd3 Ne5
15. Nxe5 dxe5 16. Bxb7 Rxb7 17. Rfd1 Qe7 18. a4 Nd7 19. Rd2 f6 20. Rad1 Nc5 21.
f3 Na6 22. Rd7 Qb4 23. Qd3 Kh8 24. Rd8 Rb8 25. Rxb8 Nxb8 26. Qd8 Qe1+ 27. Rxe1
Rxd8 28. f4 e4 29. b4 Na6 30. c5 Nxb4 31. cxb6 cxb6 32. Bd4 Nc2 33. Rc1 Nxd4
34. exd4 h5 35. Rd1 Rd5 36. Kf2 f5 37. Ke3 Kg8 38. h3 Kf7 39. g4 hxg4 40. hxg4
fxg4 41. Kxe4 Ra5 42. Rg1 Rxa4 43. Rxg4 Rc4 44. Rg5 g6 45. Rd5 Rc7 46. Rb5 Rb7
47. Kd5 a6 48. Rb1 b5 49. Kc6 Rb8 50. d5 b4 51. Kc7 Rb5 52. d6 Rc5+ 53. Kb6 Rd5
54. Kc6 Rd4 55. d7 Rxd7 56. Kxd7 a5 57. Ra1 b3 58. Rxa5 Kf6 59. Rb5 b2 60. Rxb2
Kf5 61. Rf2 Kg4 62. Rg2+ Kf5 63. Rg5+ Kf6 64. Kd6 Kf7 65. Ke5 Kg7 66. f5 1-0

[Event "9. Open Club Ajedrez Ciudad los Angeles"]
[Site "Madrid ESP"]
[Date "2015.04.12"]
[Round "2.16"]
[White "Gutierrez Soto, Sergio"]
[Black "Bellod Thomas, Gonzalo"]
[Result "0-1"]
[WhiteElo "1546"]
[BlackElo "1709"]
[PlyCount "93"]
[EventDate "2015.03.29"]
[EventType "swiss"]
[EventRounds "9"]
[EventCountry "ESP"]
[Source "lmi"]
[SourceDate "2015.03.29"]

1. c4 e5 2. g3 Nc6 3. Bg2 g6 4. Nc3 Bg7 5. d3 d6 6. Nf3 f5 7. O-O Nf6 8. Bg5 h6
9. Bd2 O-O 10. Qc1 Kh7 11. Qc2 Be6 12. a3 Qe8 13. b4 e4 14. Ne1 Nd4 15. Qd1 g5
16. dxe4 fxe4 17. Nxe4 Bxc4 18. Qb1 Nxe2+ 19. Kh1 Kh8 20. Qc2 Nxe4 21. Bxe4
Bxa1 22. Qxc4 Nd4 23. Bxb7 Rb8 24. Bg2 Nf5 25. Bc3+ Bxc3 26. Qxc3+ Qe5 27. Qxc7
Rbc8 28. Qb7 Rc1 29. Qe4 Qxe4 30. Bxe4 Ne3 31. Rg1 Rxf2 32. Nd3 Rxg1+ 33. Kxg1
Ra2 34. h4 Rxa3 35. hxg5 hxg5 36. Kf2 Ng4+ 37. Kf3 Nf6 38. Bf5 Kg7 39. g4 Kf7
40. Ke3 Nd5+ 41. Kd4 Ne7 42. Bd7 Kf6 43. Nf2 d5 44. Nd3 Ra1 45. b5 Rd1 46. Kc3
Ng6 47. Kc2 0-1

[Event "9. Open Club Ajedrez Ciudad los Angeles"]
[Site "Madrid ESP"]
[Date "2015.04.12"]
[Round "2.17"]
[White "Savchuk, Olga"]
[Black "Jimenez Manzano, Emiliano"]
[Result "1/2-1/2"]
[WhiteElo "1614"]
[BlackElo "1517"]
[PlyCount "117"]
[EventDate "2015.03.29"]
[EventType "swiss"]
[EventRounds "9"]
[EventCountry "ESP"]
[Source "lmi"]
[SourceDate "2015.03.29"]

1. e4 c5 2. Nf3 d6 3. d4 cxd4 4. Nxd4 Nf6 5. Nc3 Nc6 6. h3 a6 7. Be3 g6 8. Be2
Bg7 9. O-O O-O 10. Qd2 Nxd4 11. Bxd4 Qa5 12. Rad1 Ne8 13. Bxg7 Nxg7 14. Bc4 b5
15. Bd5 Rb8 16. Qg5 Qc7 17. Bb3 Be6 18. Nd5 Bxd5 19. Rxd5 Ne6 20. Qe3 Nc5 21.
Rfd1 Nxb3 22. Qxb3 Qc4 23. e5 Qxb3 24. axb3 dxe5 25. Rxe5 e6 26. Rd6 Ra8 27.
Rc5 Rfd8 28. Rcc6 Rxd6 29. Rxd6 Kf8 30. b4 Ke7 31. Rd3 Rd8 32. Ra3 Rd1+ 33. Kh2
Rd2 34. Rxa6 Rxf2 35. Ra5 Rxc2 36. Rxb5 Rxb2 37. Rb7+ Kf6 38. b5 e5 39. b6 e4
40. Rb8 e3 41. Re8 Rxb6 42. Rxe3 Rb5 43. Ra3 h5 44. Ra6+ Kf5 45. Ra7 f6 46. Rf7
Rb2 47. Kg3 h4+ 48. Kf3 Rb3+ 49. Kf2 g5 50. Rf8 Kg6 51. Ra8 Rb5 52. Ra6 Rf5+
53. Ke3 Kh5 54. Ra4 Re5+ 55. Kf3 f5 56. Rb4 g4+ 57. hxg4+ fxg4+ 58. Rxg4 Rf5+
59. Rf4 1/2-1/2

[Event "9. Open Club Ajedrez Ciudad los Angeles"]
[Site "Madrid ESP"]
[Date "2015.04.12"]
[Round "2.18"]
[White "Vallespin Morales, Antonio"]
[Black "Melcon Diez, Enrique"]
[Result "1/2-1/2"]
[WhiteElo "1353"]
[BlackElo "1597"]
[PlyCount "71"]
[EventDate "2015.03.29"]
[EventType "swiss"]
[EventRounds "9"]
[EventCountry "ESP"]
[Source "lmi"]
[SourceDate "2015.03.29"]

1. e4 c5 2. Nf3 g6 3. d4 cxd4 4. Nxd4 Bg7 5. c4 b6 6. Nc3 Bb7 7. Be3 Nf6 8. Bd3
Nc6 9. Nf3 O-O 10. O-O Rc8 11. b3 Ng4 12. Bd2 Nge5 13. Be2 d6 14. Re1 Qd7 15.
Rc1 Nb4 16. a4 Ned3 17. Bxd3 Nxd3 18. Re2 Nxc1 19. Qxc1 e6 20. Bh6 d5 21. exd5
exd5 22. Bxg7 Kxg7 23. Ne5 Qd8 24. Ng4 Qh4 25. h3 dxc4 26. Qf4 cxb3 27. Qd4+ f6
28. Re7+ Rf7 29. Rxf7+ Kxf7 30. Qd7+ Kf8 31. Qxb7 Rxc3 32. Qb8+ Kf7 33. Qxa7+
Kg8 34. Qb8+ Kg7 35. Qb7+ Kg8 36. Qb8+ 1/2-1/2

[Event "9. Open Club Ajedrez Ciudad los Angeles"]
[Site "Madrid ESP"]
[Date "2015.04.12"]
[Round "2.19"]
[White "Ballesteros Jimenez, Miguel A"]
[Black "Ortiz Alonso, Carlos"]
[Result "1-0"]
[WhiteElo "1592"]
[BlackElo "1359"]
[PlyCount "49"]
[EventDate "2015.03.29"]
[EventType "swiss"]
[EventRounds "9"]
[EventCountry "ESP"]
[Source "lmi"]
[SourceDate "2015.03.29"]

1. e4 c5 2. Nc3 d6 3. f4 g6 4. Nf3 Bg7 5. Bb5+ Bd7 6. O-O a6 7. Bxd7+ Nxd7 8.
d3 e6 9. d4 cxd4 10. Nxd4 Ne7 11. Nf3 O-O 12. Qxd6 Rc8 13. Qd3 Qc7 14. e5 Rfd8
15. Qe3 Nb6 16. Ng5 Nbd5 17. Nxd5 Rxd5 18. c3 Rcd8 19. Qf2 Rd1 20. Be3 Rxa1 21.
Rxa1 Nd5 22. Bd4 Qd7 23. Qh4 h6 24. Ne4 Qc6 25. Qxd8+ 1-0

[Event "9. Open Club Ajedrez Ciudad los Angeles"]
[Site "Madrid ESP"]
[Date "2015.04.12"]
[Round "2.21"]
[White "Martin Garcia, Francisco Javie"]
[Black "Santacruz Sanchez, Jose Luis"]
[Result "1-0"]
[WhiteElo "1576"]
[BlackElo "1196"]
[PlyCount "53"]
[EventDate "2015.03.29"]
[EventType "swiss"]
[EventRounds "9"]
[EventCountry "ESP"]
[Source "lmi"]
[SourceDate "2015.03.29"]

1. d4 d5 2. Nf3 Nf6 3. g3 e6 4. Bg2 c5 5. c4 cxd4 6. Nxd4 Nc6 7. Nb5 a6 8. N5a3
Bb4+ 9. Bd2 O-O 10. Bxb4 Nxb4 11. cxd5 exd5 12. O-O d4 13. Nc2 Nxc2 14. Qxc2
Rb8 15. Rd1 Qb6 16. Nd2 Be6 17. Nf3 Rbc8 18. Qb1 Rfd8 19. b3 Bd5 20. Rxd4 Qe6
21. e3 Ne4 22. Qd1 g6 23. Ng5 Qf5 24. Nxe4 Bxe4 25. Rxd8+ Rxd8 26. Qxd8+ Kg7
27. Qd4+ 1-0

[Event "9. Open Club Ajedrez Ciudad los Angeles"]
[Site "Madrid ESP"]
[Date "2015.04.19"]
[Round "3.1"]
[White "Afana, Adham Jj"]
[Black "Tarrio Ocana, Jose Manuel"]
[Result "1-0"]
[WhiteElo "2009"]
[BlackElo "1840"]
[PlyCount "139"]
[EventDate "2015.03.29"]
[EventType "swiss"]
[EventRounds "9"]
[EventCountry "ESP"]
[Source "lmi"]
[SourceDate "2015.03.29"]

1. e4 e6 2. d4 d5 3. exd5 exd5 4. Bd3 Bd6 5. Nf3 Nf6 6. O-O O-O 7. Bg5 h6 8.
Bh4 Be6 9. Re1 Nbd7 10. Ne5 c5 11. c3 Qb6 12. Qd2 cxd4 13. cxd4 Bb4 14. Nc3
Nxe5 15. Rxe5 Nd7 16. Ree1 Kh8 17. Bc2 Rac8 18. Qd3 g6 19. Qe3 Kg7 20. Rac1
Rfe8 21. Qd2 Qa5 22. Bb3 Bd6 23. Qd3 a6 24. Qf3 g5 25. Bg3 Bxg3 26. Qxg3 Nf6
27. h4 g4 28. Qd3 Ne4 29. f3 Nxc3 30. bxc3 Qd8 31. g3 gxf3 32. Qxf3 Qf6 33.
Qxf6+ Kxf6 34. Re5 Red8 35. Rf1+ Kg7 36. Re3 b5 37. Kf2 Rc7 38. Ke2 Rdc8 39.
Kd2 a5 40. a3 Rb8 41. Bc2 b4 42. cxb4 axb4 43. Rb3 Ra8 44. axb4 Ra2 45. Rc3 Rc4
46. Rxc4 dxc4 47. b5 Bh3 48. Rh1 Bf5 49. Rc1 Rb2 50. Kc3 Rxb5 51. Bxf5 Rxf5 52.
Kxc4 h5 53. d5 Kf8 54. Re1 Rf2 55. d6 Rd2 56. Kc5 Rd3 57. Kc6 Rc3+ 58. Kb7 Rd3
59. Kc7 Rc3+ 60. Kd8 Rxg3 61. d7 Rd3 62. Re8+ Kg7 63. Re7 Kf8 64. Re5 Kg7 65.
Ke7 f6 66. Rxh5 Kg6 67. Rc5 f5 68. d8=Q Rxd8 69. Kxd8 f4 70. h5+ 1-0

[Event "9. Open Club Ajedrez Ciudad los Angeles"]
[Site "Madrid ESP"]
[Date "2015.04.19"]
[Round "3.2"]
[White "Leniz Martinez, Francisco"]
[Black "Pindado Campos, Raul"]
[Result "1/2-1/2"]
[WhiteElo "1695"]
[BlackElo "1919"]
[PlyCount "114"]
[EventDate "2015.03.29"]
[EventType "swiss"]
[EventRounds "9"]
[EventCountry "ESP"]
[Source "lmi"]
[SourceDate "2015.03.29"]

1. e4 c5 2. Nf3 e6 3. d4 cxd4 4. Nxd4 a6 5. c4 Qc7 6. Bd3 Nc6 7. Nxc6 bxc6 8.
O-O Nf6 9. Qe2 d6 10. Bf4 e5 11. Bd2 Be7 12. h3 Be6 13. Nc3 O-O 14. Rac1 Qb7
15. b3 Rfd8 16. Bb1 Rac8 17. Rcd1 h6 18. Rfe1 Nh7 19. Na4 Nf8 20. Ba5 Re8 21.
Kh2 Ng6 22. g3 Rb8 23. Qf1 Nf8 24. Bd3 Ra8 25. Bd2 Nh7 26. Be2 Red8 27. Ba5 Re8
28. Bf3 Ng5 29. Bg2 Rab8 30. Bc3 f6 31. h4 Nf7 32. Bh3 Bxh3 33. Qxh3 Qc8 34.
Qxc8 Rexc8 35. Bd2 Nd8 36. Be3 Ne6 37. Re2 Rb7 38. Bc1 Nd4 39. Re3 d5 40. cxd5
cxd5 41. Kg2 Nc2 42. Re2 d4 43. Nb2 Rd7 44. Nc4 Nb4 45. Nb6 Rdc7 46. Nxc8 Rxc8
47. Ba3 Bf8 48. Bxb4 Bxb4 49. Rd3 a5 50. f4 Kf7 51. Kf3 Rc1 52. Kg2 Rc8 53. Rf2
Ke6 54. Re2 Rc1 55. Kf2 Rc8 56. h5 Rc1 57. Kg2 Rc8 1/2-1/2

[Event "9. Open Club Ajedrez Ciudad los Angeles"]
[Site "Madrid ESP"]
[Date "2015.04.19"]
[Round "3.3"]
[White "Aziz Ortego, Omar Luis"]
[Black "Yeves Miquel, Enrique"]
[Result "1-0"]
[WhiteElo "2089"]
[BlackElo "1715"]
[PlyCount "33"]
[EventDate "2015.03.29"]
[EventType "swiss"]
[EventRounds "9"]
[EventCountry "ESP"]
[Source "lmi"]
[SourceDate "2015.03.29"]

1. d4 Nf6 2. c4 e6 3. Nc3 Bb4 4. Qc2 c5 5. e3 b6 6. Nf3 Bb7 7. Bd3 d5 8. cxd5
exd5 9. dxc5 Bxc5 10. Bd2 O-O 11. O-O-O h6 12. Kb1 Nc6 13. a3 d4 14. exd4 Nxd4
15. Nxd4 Bxd4 16. Be3 Kh8 17. Bf5 1-0

[Event "9. Open Club Ajedrez Ciudad los Angeles"]
[Site "Madrid ESP"]
[Date "2015.04.19"]
[Round "3.4"]
[White "Caño Nieto, Jose Luis"]
[Black "Rodriguez Dorado, Victor"]
[Result "0-1"]
[WhiteElo "1545"]
[BlackElo "2034"]
[PlyCount "84"]
[EventDate "2015.03.29"]
[EventType "swiss"]
[EventRounds "9"]
[EventCountry "ESP"]
[Source "lmi"]
[SourceDate "2015.03.29"]

1. d4 Nf6 2. Nf3 g6 3. Bf4 Bg7 4. e3 d6 5. Nc3 O-O 6. Be2 c5 7. dxc5 dxc5 8.
O-O Nc6 9. a3 Bf5 10. h3 Ne4 11. Nxe4 Bxe4 12. c3 Qb6 13. Ng5 Rad8 14. Qc1 Bd3
15. Bxd3 Rxd3 16. Rd1 Rfd8 17. Rxd3 Rxd3 18. Qc2 c4 19. Rd1 Qd8 20. Rxd3 cxd3
21. Qd2 e5 22. Bg3 Qxg5 23. Qxd3 Qd8 24. Qb5 Qb6 25. Qe2 a5 26. Qd2 Qd8 27. Qc2
h5 28. h4 Bf6 29. Qb3 Qe7 30. Qb5 Kf8 31. Qc4 Kg7 32. Qa4 Qc5 33. Qb3 b5 34.
Qd1 a4 35. Qd3 Na5 36. f4 Nc4 37. fxe5 Bxe5 38. Bf2 Nxb2 39. Qd2 Qxc3 40. Be1
Qxd2 41. Bxd2 Nc4 42. Bc1 Bb2 0-1

[Event "9. Open Club Ajedrez Ciudad los Angeles"]
[Site "Madrid ESP"]
[Date "2015.04.19"]
[Round "3.6"]
[White "Largo Barbero, Benito"]
[Black "Canseco Arenas, Alfonso"]
[Result "1-0"]
[WhiteElo "1961"]
[BlackElo "1752"]
[PlyCount "73"]
[EventDate "2015.03.29"]
[EventType "swiss"]
[EventRounds "9"]
[EventCountry "ESP"]
[Source "lmi"]
[SourceDate "2015.03.29"]

1. e4 c5 2. Nc3 Nc6 3. g3 e5 4. d3 Nge7 5. Bg2 g6 6. Be3 Nd4 7. Nce2 Bg7 8. c3
Nxe2 9. Nxe2 d6 10. O-O O-O 11. Qd2 Rb8 12. Rad1 Be6 13. a3 a5 14. d4 Bc4 15.
dxc5 dxc5 16. Bxc5 Qc7 17. Bd6 Qd8 18. Bxb8 Qxb8 19. Rfe1 Bb3 20. Rc1 Rd8 21.
Qe3 Nc6 22. h4 h5 23. Kh2 Kh7 24. Ng1 Bh6 25. Qb6 a4 26. Ra1 Rd2 27. Re2 Rd6
28. Qb5 Qc7 29. Nf3 f6 30. Ree1 Na5 31. Bf1 b6 32. Be2 Qd8 33. Qa6 Bc2 34. Bb5
Nb3 35. Bxa4 Nc5 36. Qa7+ Rd7 37. Bxd7 1-0

[Event "9. Open Club Ajedrez Ciudad los Angeles"]
[Site "Madrid ESP"]
[Date "2015.04.19"]
[Round "3.7"]
[White "Fernandez Bonilla, M. Arcangel"]
[Black "Campos Diaz, Fernando"]
[Result "1-0"]
[WhiteElo "1802"]
[BlackElo "1683"]
[PlyCount "85"]
[EventDate "2015.03.29"]
[EventType "swiss"]
[EventRounds "9"]
[EventCountry "ESP"]
[Source "lmi"]
[SourceDate "2015.03.29"]

1. e4 c5 2. Nf3 d6 3. d4 cxd4 4. Nxd4 Nf6 5. Nc3 g6 6. Bc4 Bg7 7. f3 O-O 8. Be3
Nc6 9. Nxc6 bxc6 10. Qd2 Rb8 11. Bb3 Qa5 12. O-O-O Be6 13. g4 Bxb3 14. cxb3
Rfd8 15. Kb1 d5 16. exd5 cxd5 17. Bd4 e6 18. h4 Nd7 19. Bxg7 Kxg7 20. h5 Kg8
21. hxg6 fxg6 22. Qg5 Nf8 23. f4 Rd7 24. f5 Qd8 25. Qh6 e5 26. fxg6 d4 27. Ne4
Nxg6 28. g5 Rb6 29. Nf6+ Rxf6 30. gxf6 Qxf6 31. Rhf1 Qe7 32. Rfe1 e4 33. Qh1 e3
34. Qa8+ Kg7 35. Qc6 Rd6 36. Qf3 h5 37. Kc2 d3+ 38. Kb1 Qc7 39. Qxe3 Qc2+ 40.
Ka1 d2 41. Rg1 h4 42. Qe7+ Kh6 43. Qxd6 1-0

[Event "9. Open Club Ajedrez Ciudad los Angeles"]
[Site "Madrid ESP"]
[Date "2015.04.19"]
[Round "3.8"]
[White "Martinez De Navascues, Francis"]
[Black "Sainz Pino, Fernando"]
[Result "0-1"]
[WhiteElo "1776"]
[BlackElo "1925"]
[PlyCount "80"]
[EventDate "2015.03.29"]
[EventType "swiss"]
[EventRounds "9"]
[EventCountry "ESP"]
[Source "lmi"]
[SourceDate "2015.03.29"]

1. d4 Nf6 2. c4 g6 3. Nf3 Bg7 4. Nc3 d5 5. cxd5 Nxd5 6. e4 Nxc3 7. bxc3 c5 8.
Be3 Nc6 9. Rc1 O-O 10. d5 Ne5 11. Nxe5 Bxe5 12. Bxc5 Qa5 13. Bd4 Bxd4 14. Qxd4
e6 15. Bc4 exd5 16. Bxd5 Be6 17. Qb4 Qxb4 18. cxb4 Bxd5 19. exd5 Rfe8+ 20. Kd2
Rad8 21. Rc7 Rxd5+ 22. Kc3 Re2 23. Rxb7 Rxa2 24. Re1 Rxf2 25. Rxa7 Rxg2 26.
Re8+ Kg7 27. Ree7 Rf2 28. Kc4 Rh5 29. Re4 Rhxh2 30. b5 Rc2+ 31. Kd5 Rh5+ 32.
Kd6 Rxb5 33. Rf4 Rb6+ 34. Kd7 Rd2+ 35. Kc7 Rf6 36. Re4 Re6 37. Rxe6 fxe6 38.
Kc6+ Kh6 39. Re7 Re2 40. Kd6 g5 0-1

[Event "9. Open Club Ajedrez Ciudad los Angeles"]
[Site "Madrid ESP"]
[Date "2015.04.19"]
[Round "3.9"]
[White "Martin Garcia, Francisco Javie"]
[Black "Lobato Rivero, Carlos"]
[Result "0-1"]
[WhiteElo "1576"]
[BlackElo "2030"]
[PlyCount "60"]
[EventDate "2015.03.29"]
[EventType "swiss"]
[EventRounds "9"]
[EventCountry "ESP"]
[Source "lmi"]
[SourceDate "2015.03.29"]

1. d4 f5 2. g3 Nf6 3. Bg2 g6 4. c4 Bg7 5. Nc3 O-O 6. e4 fxe4 7. Nxe4 Nxe4 8.
Bxe4 c5 9. dxc5 Qa5+ 10. Bd2 Qxc5 11. Be3 Qb4+ 12. Qd2 Qxb2 13. Qxb2 Bxb2 14.
Rd1 Bc3+ 15. Ke2 Nc6 16. h4 d6 17. Nh3 Be6 18. Bh6 Bxc4+ 19. Bd3 Bxd3+ 20. Rxd3
Bg7 21. Be3 Rac8 22. Ng5 Ne5 23. Rb3 Rc2+ 24. Kd1 Rxa2 25. Ne6 Ra1+ 26. Bc1 Rc8
27. Kd2 Nc4+ 28. Kd1 Na5 29. Ke2 Nxb3 30. Nxg7 Raxc1 0-1

[Event "9. Open Club Ajedrez Ciudad los Angeles"]
[Site "Madrid ESP"]
[Date "2015.04.19"]
[Round "3.14"]
[White "Jimenez Manzano, Emiliano"]
[Black "Andradas Encabo, Victor"]
[Result "0-1"]
[WhiteElo "1517"]
[BlackElo "1642"]
[PlyCount "72"]
[EventDate "2015.03.29"]
[EventType "swiss"]
[EventRounds "9"]
[EventCountry "ESP"]
[Source "lmi"]
[SourceDate "2015.03.29"]

1. e4 c5 2. Nf3 d6 3. Nc3 Nf6 4. Bc4 e5 5. d3 Be7 6. Nd5 Nc6 7. a3 Bg4 8. h3
Bxf3 9. gxf3 Qd7 10. Nxe7 Nxe7 11. f4 b5 12. fxe5 dxe5 13. Ba2 Nc6 14. Be3 Qe7
15. Qd2 Rd8 16. O-O-O Nxe4 17. Qe1 Nf6 18. Rg1 g6 19. f4 e4 20. Rg5 Nd7 21.
dxe4 O-O 22. e5 c4 23. Qh4 Nc5 24. Rxd8 Rxd8 25. Rg4 Qd7 26. Qe1 Nd4 27. Bxd4
Qxd4 28. f5 Qd5 29. fxg6 hxg6 30. h4 Qf3 31. Rg1 Ne4 32. Rf1 Qg2 33. Rg1 Qh2
34. Qe3 Rd2 35. Bb1 Re2 36. Qxa7 Qf4+ 0-1

[Event "9. Open Club Ajedrez Ciudad los Angeles"]
[Site "Madrid ESP"]
[Date "2015.04.19"]
[Round "3.17"]
[White "Huerto Moreno, Jorge"]
[Black "Vallespin Morales, Antonio"]
[Result "1-0"]
[WhiteElo "1572"]
[BlackElo "1353"]
[PlyCount "119"]
[EventDate "2015.03.29"]
[EventType "swiss"]
[EventRounds "9"]
[EventCountry "ESP"]
[Source "lmi"]
[SourceDate "2015.03.29"]

1. d4 f5 2. c4 e6 3. Nf3 d5 4. Nc3 c6 5. Bf4 Nf6 6. cxd5 cxd5 7. Bxb8 Rxb8 8.
Qa4+ Bd7 9. Qxa7 Bc6 10. Ne5 Ra8 11. Nxc6 bxc6 12. Qb7 Qc8 13. Qxc8+ Rxc8 14.
e3 Kd7 15. Bd3 Rb8 16. Rb1 Be7 17. a4 Rb3 18. Bc2 Rb4 19. b3 Rb7 20. Ke2 Ne4
21. Na2 g6 22. f3 Nf6 23. Nc1 c5 24. dxc5 Bxc5 25. Bd3 d4 26. Rd1 e5 27. Bb5+
Kc7 28. Nd3 Bd6 29. Rbc1+ Kd8 30. Ba6 Rb8 31. Nc5 Ke7 32. exd4 exd4 33. Rxd4
Bxh2 34. Bb5 Bd6 35. Na6 Rbc8 36. Rxc8 Rxc8 37. Nb4 Bxb4 38. Rxb4 Rc2+ 39. Ke1
Rxg2 40. Be2 Rg1+ 41. Bf1 Rh1 42. a5 Rh2 43. a6 Ra2 44. Rb7+ Kd8 45. a7 Ra1+
46. Kf2 Nd7 47. Rb8+ Ke7 48. a8=Q Rxa8 49. Rxa8 h5 50. Ra7 Kd8 51. b4 g5 52.
Ra5 g4 53. Rxf5 gxf3 54. Rxh5 Nf6 55. Rh8+ Ke7 56. b5 Kd7 57. Bh3+ Kc7 58. Rc8+
Kb6 59. Rc6+ Kxb5 60. Rxf6 1-0

[Event "9. Open Club Ajedrez Ciudad los Angeles"]
[Site "Madrid ESP"]
[Date "2015.04.19"]
[Round "3.20"]
[White "Lopez Ziegler, Juan Jose"]
[Black "Santacruz Sanchez, Jose Luis"]
[Result "0-1"]
[WhiteElo "1573"]
[BlackElo "1196"]
[PlyCount "129"]
[EventDate "2015.03.29"]
[EventType "swiss"]
[EventRounds "9"]
[EventCountry "ESP"]
[Source "lmi"]
[SourceDate "2015.03.29"]

1. d4 d5 2. Bf4 e6 3. e3 Nf6 4. Nf3 c5 5. c3 Bd7 6. Nbd2 c4 7. Ne5 Nc6 8. Be2
Nxe5 9. dxe5 Ng8 10. Qc2 Ne7 11. e4 g6 12. Bg5 Qc7 13. Bf6 Rg8 14. O-O Nc6 15.
f4 Be7 16. exd5 exd5 17. Bxe7 Kxe7 18. Nf3 Bf5 19. Qd2 Rad8 20. Nd4 Nxd4 21.
Qxd4 a6 22. Bf3 Be6 23. Rad1 Rge8 24. Qf2 Kf8 25. Qh4 Kg8 26. g4 Qe7 27. g5
Qc5+ 28. Kh1 b5 29. Rd4 a5 30. Rfd1 Re7 31. Qf2 Red7 32. Kg2 b4 33. h4 bxc3 34.
bxc3 Rb8 35. R1d2 a4 36. Rb2 Rdb7 37. Rxb7 Rxb7 38. Kg3 a3 39. Rd2 Qxf2+ 40.
Kxf2 Rb2 41. Ke3 Kf8 42. Re2 Ke7 43. Kd4 Kd7 44. h5 Bf5 45. hxg6 hxg6 46. Kxd5
Bd3 47. Rg2 Bf1 48. Rg1 Rf2 49. Bg4+ Ke7 50. Kc5 Bd3 51. Rh1 Rxf4 52. Bd1 Rf2
53. Ba4 Rxa2 54. Rh8 Ke6 55. Re8+ Kf5 56. Re7 Rb2 57. Rxf7+ Kxe5 58. Re7+ Kf5
59. Re1 a2 60. Be8 Bb1 61. Rf1+ Kxg5 62. Rg1+ Kf4 63. Rf1+ Ke3 64. Re1+ Re2 65.
Bxg6 0-1

[Event "9. Open Club Ajedrez Ciudad los Angeles"]
[Site "Madrid ESP"]
[Date "2015.04.26"]
[Round "4.1"]
[White "Rodriguez Dorado, Victor"]
[Black "Afana, Adham Jj"]
[Result "1-0"]
[WhiteElo "2034"]
[BlackElo "2009"]
[PlyCount "145"]
[EventDate "2015.03.29"]
[EventType "swiss"]
[EventRounds "9"]
[EventCountry "ESP"]
[Source "lmi"]
[SourceDate "2015.03.29"]

1. c4 c6 2. g3 Nf6 3. Bg2 d5 4. Nf3 e6 5. O-O Bd6 6. d3 O-O 7. Nc3 Nbd7 8. e4
dxe4 9. Nxe4 Nxe4 10. dxe4 Ne5 11. Qe2 Nxf3+ 12. Bxf3 e5 13. Be3 Qe7 14. Rac1
b6 15. c5 bxc5 16. Rfd1 Rd8 17. Bxc5 Be6 18. b4 Bxc5 19. Rxd8+ Rxd8 20. Rxc5
Qd6 21. a3 g6 22. Kg2 Qd7 23. h4 Qd3 24. Qxd3 Rxd3 25. Ra5 Rd7 26. Rxe5 Rb7 27.
Ra5 Kf8 28. e5 Bd7 29. Rc5 Rb6 30. Be2 Ke7 31. Kf3 Be6 32. Kf4 h6 33. Ra5 Rb7
34. Bf3 Bd7 35. b5 Rxb5 36. Rxa7 Rc5 37. Bg4 Rc4+ 38. Kf3 Rxg4 39. Rxd7+ Kxd7
40. Kxg4 Ke6 41. f4 Kd5 42. h5 gxh5+ 43. Kf5 c5 44. Kf6 c4 45. Kxf7 c3 46. e6
c2 47. e7 c1=Q 48. e8=Q Qxa3 49. Qe5+ Kc4 50. Qe4+ Kb5 51. Qd5+ Kb6 52. Qxh5
Qb3+ 53. Kg7 Qc3+ 54. Kxh6 Qh8+ 55. Kg5 Qd8+ 56. Kg4 Qd1+ 57. Kh4 Qh1+ 58. Kg5
Qd5+ 59. f5 Qd2+ 60. Kg6 Qd6+ 61. Kh7 Qe7+ 62. Kg8 Qd8+ 63. Kg7 Qe7+ 64. Qf7
Qa3 65. Qe6+ Kb7 66. Qe5 Qf3 67. f6 Qg4+ 68. Kf8 Qc8+ 69. Qe8 Qh3 70. Qe7+ Kc6
71. Qg7 Qc8+ 72. Kf7 Kd6 73. Qf8+ 1-0

[Event "9. Open Club Ajedrez Ciudad los Angeles"]
[Site "Madrid ESP"]
[Date "2015.04.26"]
[Round "4.2"]
[White "Lopez Ziegler, Carlos"]
[Black "Leniz Martinez, Francisco"]
[Result "1/2-1/2"]
[WhiteElo "1970"]
[BlackElo "1695"]
[PlyCount "55"]
[EventDate "2015.03.29"]
[EventType "swiss"]
[EventRounds "9"]
[EventCountry "ESP"]
[Source "lmi"]
[SourceDate "2015.03.29"]

1. e4 c5 2. Nf3 e6 3. d4 cxd4 4. Nxd4 a6 5. Bd3 Qc7 6. O-O Nf6 7. Qe2 d6 8. c4
Nbd7 9. Nc3 Be7 10. b3 b6 11. Bb2 O-O 12. Rac1 Bb7 13. Bb1 Rac8 14. Kh1 Qb8 15.
f4 Bd8 16. Rcd1 Bc7 17. Nf3 h6 18. Rd2 Rfe8 19. Re1 Rcd8 20. b4 Qa8 21. a3 Nh5
22. Qe3 Nhf6 23. h3 Qb8 24. Bc2 Bc6 25. Nd4 Bb7 26. Nf3 Bc6 27. Nd4 Bb7 28. Nf3
1/2-1/2

[Event "9. Open Club Ajedrez Ciudad los Angeles"]
[Site "Madrid ESP"]
[Date "2015.04.26"]
[Round "4.3"]
[White "Pindado Campos, Raul"]
[Black "Largo Barbero, Benito"]
[Result "0-1"]
[WhiteElo "1919"]
[BlackElo "1961"]
[PlyCount "86"]
[EventDate "2015.03.29"]
[EventType "swiss"]
[EventRounds "9"]
[EventCountry "ESP"]
[Source "lmi"]
[SourceDate "2015.03.29"]

1. d4 Nf6 2. c4 g6 3. Nc3 Bg7 4. e4 d6 5. Be3 O-O 6. f3 a6 7. Qd2 Nc6 8. Nge2
Rb8 9. g4 b5 10. Ng3 bxc4 11. h4 e5 12. d5 Nd4 13. Be2 Bd7 14. h5 c6 15. hxg6
fxg6 16. dxc6 Be6 17. g5 Ne8 18. f4 Nc2+ 19. Qxc2 exf4 20. O-O-O fxe3 21. Na4
Qxg5 22. Rdg1 Qb5 23. Nf1 Rf2 24. Rh2 Rxh2 25. Nxh2 Qxc6 26. Nf3 Nc7 27. Ng5
Rc8 28. Rh1 h6 29. Nxe6 Nxe6 30. Nc3 Nd4 31. Qd1 Nxe2+ 32. Qxe2 Bxc3 33. Qg4
Bg7 34. Qxg6 d5 35. Qg4 Rb8 36. Rh2 d4 37. Rg2 Qb7 38. Qe6+ Kh8 39. Rh2 Kh7 40.
Qf5+ Kg8 41. Qe6+ Qf7 42. Qh3 d3 43. Rg2 Qf1# 0-1